000 02134nam a2200289 i 4500
003 DO-SdBNP
005 20230726101829.0
007 ta
008 221101e2022 dr ||||er|||| 001 j spa d
020 _a9789945933758
040 _aDO-SdBNP
_bspa
_cBNPHU
_erda
082 4 _aRD863.5
_bQ77d
_222
245 0 0 _aQuinta dosis:
_bselección de cuentos del Taller Literario Narradores de Santo Domingo.
264 _aSanto Domingo :
_bÚltimos Monstruos,
_c2022.
300 _a204 páginas ;
_c19 cm.
336 _2rdacontent
_atexto
_btxt
337 _2rdamedia
_asin mediación
_bn
338 _2rdacarrier
_avolumen
_bnc
505 _aA modo de introducción--
_tLa Misión /
_rValentín Amaro--
_tEn vía contraria /
_rNiurca Herrera Mejía--
_tCamino a casa /
_rBileysi Reyes--
_tUn poco más de carga /
_rMildred Rodríguez--
_tObsesión /
_rBelkis M. Marte--
_tRebotes. /
_rAlcedo Sánchez--
_tEl último cineasta--
_rRodolfo Báez--
_tCiguapas /
_rRoxanna Delgado--
_tDe alguna manera /
_rBienvenida Morla--
_tMarina /
_rAmarilis Cueto--
_tEl salto /
_rSadi Féliz Antoine--
_tMike/
_rLuis Javier--
_tMis tres buenos amigos /
_rAníbal Hernández Medina--
_tObligado a ser piedra /
_rJosé Máximiliano Cimarro /
_rSus ojos verdes--
_tLa tienda de sandalias /
_rJuan M. Fructuosos H--
_tCorazón abatido /
_rMiguel Ángel Beltré Ramírez--
_tDisco rayado /
_rVíctor Escarramán--
_tEvitando problemas /
_rMaría Luisa Tavárez--
_tOtro mundo /
_rAna Rosa Pérez--
_tLas ventas de Maraia/
_rGeorge Pérez--
_tMiles de Coronas /
_rElena Elizabeth Ramos Grullón--
_tLa metamorfosis, tres formas de contarla /
_rMoisés Santana Castro--
_tEl cuarto del bochorno--
_rIvan Pallano Tejeda--
_tHuevos de oro /
_rScarlet Sánchez--
_tNo cuenta que te vayas--
_rHéctor Santana--
_tRedención /
_rLuisa Navarro.--
_tConspiración /
_rRamón Adriano Rivera.
590 _aInventariado 2022 / MF
650 4 _aLiteratura dominicana
_980984
650 4 _98799
_aCuentos dominicanos
710 2 _aTaller Literario Narradores de Santo Domingo.
_982890
711 _aTaller Literario Narradores de Santo Domingo
_982891
910 _aMFeliz/Validado. Control de calidad MFF
942 _2ddc
_cLBS1
999 _c52710
_d52710